[Event "Euskadi ch"]
[Site "Zornotza"]
[Date "2014.04.23"]
[Round "3"]
[White "Huerga Leache, Mikel"]
[Black "Del Rio De Angelis, Salvador G"]
[Result "1/2-1/2"]
[WhiteElo "2440"]
[BlackElo "2507"]

1. d4 d6 2. Nf3 Nf6 3. c4 Nbd7 4. Nc3 e5 5. g3 Be7 6. Bg2 O-O 7. O-O c6 8.
 d5 a5 9. Nd2 Qc7 10. Qb3 Nc5 11. Qc2 Bd7 12. Nb3 Na6 13. Bg5 a4 14. Nc1 
Nc5 15. Nd3 Bf5 16. Bxf6 Bxd3 17. exd3 Bxf6 18. Rab1 Ra6 19. Kh1 Qb6 20. 
f4 Qd8 21. Rbd1 exf4 22. Rxf4 Bxc3 23. Qxc3 Nd7 24. Rdf1 c5 25. d4 cxd4 
26. Qxd4 Qb6 27. Qe4 Ne5 28. Qc2 Qc5 29. Rh4 Ng6 30. Re4 Rb6 31. Qxa4 Rxb2
32. Re8 b5 33. Rxf8+ Nxf8 34. cxb5 Rxb5 35. h4 h5 36. Qf4 Rb7 37. Rc1 Qb4 
38. Qg5 Qg4 39. Qxg4 hxg4 40. a4 Ra7 41. Rc6 Rxa4 42. Rxd6 Ng6 43. Rd8+ 
Kh7 44. d6 Rd4 45. Kg1 Ne5 46. Re8 Nc4 47. Re4 Rd1+ 48. Kh2 Nxd6 49. Rxg4 
g6 50. Rf4 Rd2 51. g4 Kg7 52. g5 Nf5 53. Kh3 Rd3+ 54. Kh2 Rd2 55. Kh3 Rd3+
56. Kh2 Rd2 1/2-1/2

[Event "Euskadi ch"]
[Site "Zornotza"]
[Date "2014.04.23"]
[Round "3"]
[White "Gonzalez De La Torre, Santiago"]
[Black "Sarralde Osua, Rodrigo"]
[Result "0-1"]
[WhiteElo "2459"]
[BlackElo "2351"]

1. e4 c5 2. Nf3 d6 3. d4 cxd4 4. Nxd4 Nf6 5. Nc3 a6 6. Be3 e5 7. Nb3 Be6 
8. f3 Nbd7 9. Qd2 Rc8 10. g4 Qc7 11. g5 Nh5 12. O-O-O Be7 13. Kb1 O-O 14. 
Rg1 b5 15. Nd5 Bxd5 16. exd5 Nb6 17. Na5 Nxd5 18. Qxd5 Qxa5 19. c4 Nf4 20.
 Bxf4 exf4 21. Bd3 g6 22. cxb5 axb5 23. Qxb5 Qa7 24. Rge1 Rc7 25. Bc4 Rb8 
26. Qd5 Bf8 27. Bb3 Qf2 28. Qd3 Qxh2 29. Re2 Qh3 30. Qd5 Rbc8 31. Rc2 Qd7 
32. Rxc7 Rxc7 33. a4 Qe7 34. Rc1 Rxc1+ 35. Kxc1 h5 36. gxh6 Bxh6 37. a5 
Bg7 38. Kd1 Qa7 39. Bc4 Bxb2 40. Qxd6 Qg1+ 41. Kc2 Qc1+ 42. Kb3 Qc3+ 43. 
Ka2 Qxc4+ 44. Kxb2 Qb5+ 45. Kc1 Qxa5 46. Qxf4 Qe1+ 47. Kc2 Qe2+ 48. Kc3 
Qe6 49. Kd3 Kg7 50. Qb8 g5 51. Qd8 Kg6 52. Qg8+ Kf5 53. Qb8 Qd5+ 54. Kc2 
Qxf3 55. Qc8+ Kf4 0-1

[Event "Euskadi ch"]
[Site "Zornotza"]
[Date "2014.04.23"]
[Round "3"]
[White "Villalta Bustillo, Igor"]
[Black "Alcaide Luque, Aitor"]
[Result "0-1"]
[WhiteElo "2232"]
[BlackElo "2179"]

1. e4 e6 2. d4 d5 3. e5 c5 4. c3 Nc6 5. Nf3 Bd7 6. Be2 Nge7 7. O-O Ng6 8. 
g3 Be7 9. h4 O-O 10. Na3 cxd4 11. cxd4 f6 12. exf6 Bxf6 13. Bg5 Qb6 14. 
Nc2 Nge7 15. Qd2 Nf5 16. Rad1 Be8 17. Bxf6 Rxf6 18. Ne5 Nfxd4 19. Nxd4 
Nxe5 20. Kg2 Bd7 21. f4 Nf7 22. Bd3 g6 23. Bb1 e5 24. fxe5 Nxe5 25. Ne2 
Rxf1 26. Rxf1 Nc4 27. Qxd5+ Be6 28. Qg5 Ne3+ 29. Kf2 Nxf1+ 30. Kxf1 Rf8+ 
31. Nf4 Bc4+ 0-1

[Event "Euskadi ch"]
[Site "Zornotza"]
[Date "2014.04.23"]
[Round "3"]
[White "Astasio Lopez, David"]
[Black "Garcia Sanchez, Jose Manuel"]
[Result "1-0"]
[WhiteElo "2418"]
[BlackElo "1793"]

1. d4 Nf6 2. Nf3 d6 3. Nbd2 g6 4. e4 Bg7 5. Bc4 O-O 6. O-O e6 7. Re1 Nxe4 
8. Nxe4 d5 9. Bg5 f6 10. Nxf6+ Bxf6 11. Bxf6 Qxf6 12. Bb5 c6 13. Bd3 Nd7 
14. Re3 c5 15. c3 cxd4 16. cxd4 Nb6 17. Qe2 Bd7 18. Re1 Rae8 19. Ne5 Bc8 
20. Rg3 Kg7 21. Qc2 g5 22. Bxh7 Qxf2+ 23. Qxf2 Rxf2 24. Rxg5+ Kh6 25. Rg6+
Kxh7 26. Re3 1-0

[Event "Euskadi ch"]
[Site "Zornotza"]
[Date "2014.04.23"]
[Round "3"]
[White "Sanchez Ruesga, Hector"]
[Black "Fernandez, Gerardo"]
[Result "1/2-1/2"]
[WhiteElo "2092"]
[BlackElo "2223"]

1. d4 d5 2. c4 Nc6 3. cxd5 Qxd5 4. Nf3 e5 5. Nc3 Bb4 6. dxe5 Qxd1+ 7. Kxd1
Bg4 8. Bf4 Nge7 9. Bg3 Ng6 10. a3 O-O-O+ 11. Kc2 Bxf3 12. axb4 Bg4 13. e3 
Nxb4+ 14. Kc1 a6 15. Ra4 c5 16. Bc4 b5 17. Nxb5 axb5 18. Bxb5 Kb7 19. Bc4 
Be6 20. Be2 Ra8 21. Bf3+ Nd5 22. Rxa8 Rxa8 23. Kc2 Kb6 24. Be2 Nb4+ 25. 
Kc3 Rd8 26. e4 Na2+ 27. Kc2 Nb4+ 28. Kc3 Na2+ 29. Kc2 Ka5 30. Ra1 Kb4 31. 
f4 Bb3+ 32. Kb1 Ra8 33. f5 Ne7 34. Be1+ Ka4 35. Rxa2+ Bxa2+ 36. Kxa2 Rb8 
37. b3+ Rxb3 38. Bd1 c4 39. Bxb3+ cxb3+ 40. Kb2 Nc8 41. e6 fxe6 42. fxe6 
Nd6 43. e7 Kb5 44. Kxb3 Kc6 45. Bb4 Ne8 46. Kc4 Nc7 47. Bc3 g6 48. Be5 Ne8
49. Bg3 Kd7 50. Bh4 Ke6 51. Kd4 h6 52. Bg3 Nf6 53. Be5 Ne8 54. h4 Kxe7 55.
 Kd5 Kd7 56. g4 Ke7 57. Bc3 Nc7+ 58. Ke5 Kf7 59. Bd2 h5 60. gxh5 gxh5 61. 
Kf5 Ne6 62. Bc3 Nc5 63. Bd4 Ne6 64. Bh8 Nc5 65. e5 Kg8 66. Bf6 Kf7 67. Bg5
Ne6 68. Bc1 Nd4+ 69. Kg5 Nf3+ 70. Kxh5 Nxe5 1/2-1/2

[Event "Euskadi ch"]
[Site "Zornotza"]
[Date "2014.04.23"]
[Round "3"]
[White "Diaz Herrero, Alvaro"]
[Black "Marchena Hurtado, Ander"]
[Result "1-0"]
[WhiteElo "2210"]
[BlackElo "2085"]

1. g3 c5 2. Bg2 Nc6 3. c4 e5 4. Nc3 g6 5. a3 Bg7 6. b4 cxb4 7. axb4 Nge7 
8. b5 Nd4 9. Ba3 f5 10. e3 Ne6 11. Bd6 e4 12. Nge2 O-O 13. d3 exd3 14. 
Qxd3 g5 15. O-O a5 16. Rac1 Rf7 17. Na4 f4 18. exf4 Nf5 19. fxg5 Ned4 20. 
Nxd4 Nxd4 21. Bd5 Ne6 22. f4 1-0

[Event "Euskadi ch"]
[Site "Zornotza"]
[Date "2014.04.23"]
[Round "3"]
[White "Marchena Hurtado, Javier"]
[Black "Tetimov, Ivan"]
[Result "1-0"]
[WhiteElo "2147"]
[BlackElo "2047"]

1. e4 c5 2. Nf3 e6 3. d4 cxd4 4. Nxd4 Nc6 5. Nc3 Qc7 6. Be3 a6 7. Qd2 Nf6 
8. O-O-O Bb4 9. f3 Ne5 10. Nb3 b5 11. Qe1 Bb7 12. Nxb5 axb5 13. Qxb4 Rc8 
14. Nd4 Nc6 15. Nxc6 Bxc6 16. Qc5 Qb8 17. Qb4 d5 18. e5 Nd7 19. f4 Nb6 20.
 Bxb5 Nd7 21. a4 Bxb5 22. Qxb5 Qxb5 23. axb5 Rb8 24. Rd3 Rxb5 25. Rc3 O-O 
26. Rc7 Nb8 27. b3 Na6 28. Rc3 Rb7 29. Kb2 Rd8 30. Ra1 Nc7 31. Rxc7 Rxc7 
32. Bb6 Rcd7 33. Bxd8 Rxd8 34. b4 f6 35. Ra7 fxe5 36. fxe5 h5 37. Kb3 d4 
38. b5 Rd5 39. Kc4 Rxe5 40. b6 Re2 41. Kd3 1-0

[Event "Euskadi ch"]
[Site "Zornotza"]
[Date "2014.04.23"]
[Round "3"]
[White "Barrio Ugidos, Ainhoa"]
[Black "Sarralde Osua, Diego"]
[Result "1-0"]
[WhiteElo "1782"]
[BlackElo "2133"]

1. e4 d6 2. d4 Nf6 3. Nc3 Nbd7 4. Nf3 e5 5. Bc4 Be7 6. O-O O-O 7. Re1 c6 
8. a4 a5 9. h3 h6 10. Re2 Nh7 11. d5 Kh8 12. b3 Nb6 13. Bd3 cxd5 14. exd5 
f5 15. Bb5 Bf6 16. Bb2 Qc7 17. Qd2 Rg8 18. Rd1 g5 19. Nh2 g4 20. hxg4 Qg7 
21. f3 e4 22. fxe4 fxg4 23. Rf1 Ng5 24. Rxf6 Kh7 25. Rf1 Rf8 26. Rxf8 Qxf8
27. Rf2 Qe7 28. Qf4 Nd7 29. Nxg4 Qg7 30. Nd1 Ne5 31. Bxe5 dxe5 32. Qg3 h5 
33. Nf6+ Kh6 34. Qe3 Bg4 35. Nxg4+ hxg4 36. Rf5 Rf8 37. Nf2 Rxf5 38. exf5 
g3 39. Qxg3 Kh7 40. Bd3 Kg8 41. Ne4 1-0

[Event "Euskadi ch"]
[Site "Zornotza"]
[Date "2014.04.23"]
[Round "3"]
[White "Axpe Balenciaga, Inigo"]
[Black "Goiria Egidazu, Jon Asel"]
[Result "1-0"]
[WhiteElo "2124"]
[BlackElo "1955"]

1. d4 Nf6 2. Nf3 e6 3. e3 d5 4. Nbd2 Bd6 5. Ne5 b6 6. Bb5+ Nfd7 7. f4 O-O 
8. O-O Bb7 9. Bd3 f5 10. g4 Bxe5 11. dxe5 Qh4 12. gxf5 exf5 13. Qe1 Qxe1 
14. Rxe1 Nc5 15. Bf1 Ne6 16. Bg2 Na6 17. a3 Rf7 18. b4 c5 19. b5 Nb8 20. 
Bb2 g5 21. fxg5 Nxg5 22. Rf1 a6 23. c4 Ne4 24. Nxe4 dxe4 25. Bh3 Bc8 26. 
Rad1 Be6 27. Rd8+ Kg7 28. Bxf5 Rxf5 29. Rxf5 Bxf5 30. e6+ Kh6 31. e7 Bg6 
32. e8=Q Bxe8 33. Rxe8 axb5 34. cxb5 Ra5 35. Rxb8 Rxb5 36. Be5 Rb3 37. a4 
c4 38. Rc8 Rb4 39. Bd4 Kg5 40. Rb8 Kg4 41. Rxb6 Rxa4 42. Rb2 Ra1+ 43. Kg2 
Rc1 44. h3+ Kh4 45. Bf6+ Kh5 46. Rb5+ Kg6 47. Bd4 c3 48. Rc5 c2 49. Bb2 
Re1 50. Rxc2 Rxe3 51. Bc1 Rf3 52. Re2 Kf5 53. Rf2 Rxf2+ 54. Kxf2 Kg6 55. 
Kg3 Kf5 56. Bd2 Kg6 57. Kg4 Kf6 58. Kf4 Kg6 59. Kxe4 Kh5 60. Be1 Kg5 61. 
Kf3 Kf5 62. Bd2 Kg6 63. Kg4 Kf6 64. Kh5 Kg7 65. Bc3+ Kg8 66. Kh6 1-0

[Event "Euskadi ch"]
[Site "Zornotza"]
[Date "2014.04.23"]
[Round "3"]
[White "Perez Fernandez, Modesto"]
[Black "Cucarella Montell, Angels"]
[Result "1-0"]
[WhiteElo "2038"]
[BlackElo "1978"]

1. e4 c5 2. Nf3 e6 3. d4 cxd4 4. Nxd4 Nc6 5. Nc3 Qc7 6. Be3 a6 7. Bd3 Nf6 
8. O-O Ne5 9. Nf3 d6 10. Nxe5 dxe5 11. Na4 Nd7 12. c4 Nc5 13. Nxc5 Bxc5 
14. Qd2 a5 15. a3 a4 16. Bxc5 Qxc5 17. Qb4 b6 18. Bc2 Bd7 19. Rfd1 Ke7 20.
 Rd2 Rhc8 21. Rad1 Ra7 22. Bd3 f5 23. exf5 exf5 24. Qc3 Kf7 25. Be4 Be6 
26. Bd5 e4 27. Qe5 Bxd5 28. Qxf5+ Ke7 29. Rxd5 1-0

[Event "Euskadi ch"]
[Site "Zornotza"]
[Date "2014.04.23"]
[Round "3"]
[White "Galarza Cenzano, Inigo"]
[Black "Rodriguez Gonzalez, Alex"]
[Result "1-0"]
[WhiteElo "2035"]
[BlackElo "1971"]

1. d4 Nf6 2. c4 c5 3. d5 e6 4. Nc3 exd5 5. cxd5 Bd6 6. Nf3 O-O 7. Bg5 Re8 
8. e3 Bc7 9. Be2 d6 10. O-O Ba5 11. Qa4 Bxc3 12. bxc3 Nbd7 13. Bb5 Nb6 14.
 Qh4 Bd7 15. Bxf6 Qxf6 16. Qxf6 gxf6 17. Bxd7 Nxd7 18. c4 Ne5 19. Nd2 Nd3 
20. Rfb1 Re7 21. Rb3 Ne5 22. f3 f5 23. Kf2 f6 24. Rc1 Rae8 25. Rc2 a6 26. 
a4 Rd7 27. a5 Rb8 28. Ke2 Re8 29. Rb6 Ng6 30. Rc3 Kf7 31. Kf2 h5 32. g3 
Ne5 33. e4 f4 34. gxf4 Ng6 35. Ke3 Nh4 36. Rcb3 Ree7 37. Kf2 Kf8 38. Nf1 
Ng6 39. Ng3 Nxf4 40. Nf5 Rf7 41. Rxd6 Rxd6 42. Nxd6 Rg7 43. Nf5 Rg2+ 44. 
Ke3 Ng6 45. Rxb7 Ne5 46. d6 Ke8 47. Ng7+ Kd8 48. Ne6+ Kc8 49. Rc7+ Kb8 50.
 d7 Rg8 51. Rxc5 Nxd7 52. Rxh5 Ne5 53. Rh7 Nxc4+ 54. Kf4 Nxa5 55. Nc5 Nc6 
56. Nxa6+ Ka8 57. Nc5 Ne5 58. Nd7 Nd3+ 59. Ke3 Ne1 60. Nxf6 Ng2+ 61. Kf2 
Rg6 62. e5 Nf4 63. Ke3 Ne6 64. f4 Rg1 65. Nd5 Re1+ 66. Kf3 Nd4+ 67. Kf2 
Re2+ 68. Kg3 Re1 69. h4 Rg1+ 70. Kf2 Rg4 71. h5 Kb8 72. Ke3 Ne6 73. h6 Rh4
74. Rh8+ Kb7 75. h7 Rh3+ 76. Ke4 Rh4 77. Kf5 Nd4+ 78. Kg5 Nf3+ 79. Kf6 Nh2
80. e6 Ng4+ 81. Kg5 1-0

[Event "Euskadi ch"]
[Site "Zornotza"]
[Date "2014.04.24"]
[Round "4"]
[White "Sarralde Osua, Rodrigo"]
[Black "Alcaide Luque, Aitor"]
[Result "1/2-1/2"]
[WhiteElo "2351"]
[BlackElo "2179"]

1. c4 e6 2. g3 Nf6 3. Bg2 d5 4. d4 c5 5. e3 Nc6 6. Nf3 Bd6 7. O-O O-O 8. 
b3 cxd4 9. exd4 Bd7 10. Re1 Rc8 11. Ne5 dxc4 12. bxc4 Bb4 13. Bd2 Qa5 14. 
Nxd7 Nxd7 15. d5 exd5 16. cxd5 Nd4 17. Bxb4 Qxb4 18. Re4 Rfe8 19. Nd2 Rxe4
20. Nxe4 Rc2 21. h3 Kf8 22. Qh5 h6 23. Rd1 f5 24. Rxd4 Qxd4 25. Qxf5+ Nf6 
26. d6 Rc1+ 27. Kh2 Qd5 28. Qf4 Rc4 29. Nxf6 Rxf4 30. Nxd5 Rf7 31. Kg1 Rd7
32. Nc3 Rxd6 33. Bxb7 Rd3 34. Nd5 Ra3 35. Nb4 a5 36. Nc2 Rxa2 37. Be4 Rb2 
38. Kf1 a4 39. Ke1 Ke7 40. Kd2 Ke6 41. Kc3 Rb3+ 42. Kc4 Rb2 43. f4 Kf6 44.
 g4 Rb3 45. Bd3 Rb1 46. h4 Rh1 47. g5+ Ke7 48. Nd4 a3 49. Nc2 a2 50. gxh6 
gxh6 51. Kb3 a1=Q 52. Nxa1 Rxa1 53. Bg6 h5 54. Bxh5 Rh1 55. Bg6 Rxh4 56. 
f5 Kf6 57. Kb2 Rh3 58. Ka1 1/2-1/2

[Event "Euskadi ch"]
[Site "Zornotza"]
[Date "2014.04.24"]
[Round "4"]
[White "Del Rio De Angelis, Salvador G"]
[Black "Gonzalez De La Torre, Santiago"]
[Result "1/2-1/2"]
[WhiteElo "2507"]
[BlackElo "2459"]

1. d4 d5 2. c4 c6 3. Nf3 Nf6 4. e3 Bf5 5. Nc3 e6 6. Nh4 Bg6 7. Nxg6 hxg6 
8. Bd3 Nbd7 9. O-O Ne4 10. h3 Nd6 11. cxd5 exd5 12. e4 dxe4 13. Nxe4 Nxe4 
14. Bxe4 Be7 15. Re1 Nf6 16. Bf3 O-O 17. Qb3 1/2-1/2

[Event "Euskadi ch"]
[Site "Zornotza"]
[Date "2014.04.24"]
[Round "4"]
[White "Diaz Herrero, Alvaro"]
[Black "Huerga Leache, Mikel"]
[Result "0-1"]
[WhiteElo "2210"]
[BlackElo "2440"]

1. e4 c5 2. Nf3 Nc6 3. d4 cxd4 4. Nxd4 Nf6 5. Nc3 d6 6. Bg5 e6 7. Qd2 a6 
8. O-O-O Bd7 9. f4 h6 10. Bh4 g5 11. fxg5 Ng4 12. Be2 Nge5 13. Nf3 Be7 14.
 Rhg1 b5 15. Rdf1 b4 16. Nd1 Qa5 17. Kb1 Rc8 18. b3 hxg5 19. Bxg5 Bxg5 20.
 Qxg5 Nxf3 21. gxf3 Qxg5 22. Rxg5 Nd4 23. Bd3 Bb5 24. Bxb5+ Nxb5 25. Rg2 
Ke7 26. f4 Rh4 27. e5 d5 28. f5 Re4 29. fxe6 Kxe6 30. Rgf2 Kxe5 31. Rxf7 
Na3+ 32. Ka1 Rxc2 33. Nb2 a5 34. R7f5+ Kd6 35. Rd1 Rd4 36. Rf6+ Ke5 37. 
Rdf1 Rd1+ 38. Rxd1 Kxf6 39. Nd3 Kf5 40. h4 Rh2 41. Rf1+ Ke4 42. Nc5+ Ke3 
43. h5 Nb5 44. Na4 Nc3 45. Nb2 Rxh5 0-1

[Event "Euskadi ch"]
[Site "Zornotza"]
[Date "2014.04.24"]
[Round "4"]
[White "Axpe Balenciaga, Inigo"]
[Black "Astasio Lopez, David"]
[Result "0-1"]
[WhiteElo "2124"]
[BlackElo "2418"]

1. d4 d5 2. c4 c6 3. cxd5 cxd5 4. Nc3 Nf6 5. Bf4 Qb6 6. Rc1 Nc6 7. Nf3 
Qxb2 8. Qb3 Qxb3 9. axb3 a6 10. Na4 Nd7 11. e3 e6 12. Nc5 Nxc5 13. dxc5 f6
14. Be2 e5 15. Bg3 Be6 16. O-O Be7 17. Rfd1 O-O 18. Rd2 Rfc8 19. Ne1 Nb4 
20. Bf3 Rxc5 21. Rxc5 Bxc5 22. Nc2 Rc8 23. h3 Kf8 24. Bd1 Ke7 25. Kf1 Bd6 
26. Nxb4 Bxb4 27. Rc2 Bc3 28. Bg4 Rc6 29. Bf3 Bf5 30. Rc1 Bd3+ 31. Be2 Bb2
32. Rxc6 Bxe2+ 33. Kxe2 bxc6 34. f3 Kd6 35. Kd3 Kc5 36. Be1 Kb5 37. Bd2 a5
38. e4 a4 39. bxa4+ Kxa4 40. exd5 cxd5 41. g4 Kb5 42. h4 g6 43. h5 gxh5 
44. gxh5 f5 45. Bh6 e4+ 46. fxe4 fxe4+ 47. Kc2 Be5 48. Kd2 d4 49. Bg5 Kc4 
50. Bh6 Kd5 51. Ke2 Ke6 52. Bc1 Kf5 53. Kf2 Kg4 54. h6 Bf4 55. Bb2 d3 56. 
Bg7 e3+ 0-1

[Event "Euskadi ch"]
[Site "Zornotza"]
[Date "2014.04.24"]
[Round "4"]
[White "Marchena Hurtado, Javier"]
[Black "Barrio Ugidos, Ainhoa"]
[Result "1-0"]
[WhiteElo "2147"]
[BlackElo "1782"]

1. d4 d5 2. c4 e6 3. Nf3 Nf6 4. g3 Be7 5. Bg2 O-O 6. O-O dxc4 7. Qc2 a6 8.
 a4 Nbd7 9. Qxc4 c5 10. dxc5 Nxc5 11. Qc2 Nd5 12. Ne5 Rb8 13. Bd2 Nd7 14. 
Nd3 b5 15. e4 N5b6 16. axb5 axb5 17. Bf4 Ra8 18. Bc7 Qe8 19. Nd2 Rxa1 20. 
Rxa1 f5 21. exf5 Rxf5 22. Bh3 Rf6 23. Qb3 Nc5 24. Nxc5 Bxc5 25. Ne4 Qc6 
26. Nxf6+ gxf6 27. Bf4 Nd5 28. Bg2 Qb6 29. Ra8 Qd8 30. Bxd5 exd5 31. Qc2 
Qf8 32. b4 1-0

[Event "Euskadi ch"]
[Site "Zornotza"]
[Date "2014.04.24"]
[Round "4"]
[White "Sanchez Ruesga, Hector"]
[Black "Villalta Bustillo, Igor"]
[Result "0-1"]
[WhiteElo "2092"]
[BlackElo "2232"]

1. d4 Nf6 2. c4 e6 3. g3 Bb4+ 4. Bd2 Qe7 5. Bg2 O-O 6. Nf3 b6 7. O-O Bb7 
8. Nc3 d6 9. Qc2 Nbd7 10. a3 Bxc3 11. Bxc3 Be4 12. Qd2 Rfe8 13. b4 d5 14. 
c5 Bf5 15. c6 Nf8 16. b5 Ne4 17. Qb2 Nxc3 18. Qxc3 Be4 19. Ne5 Bxg2 20. 
Kxg2 f6 21. Nd3 Qf7 22. Rfd1 Ng6 23. e3 Ne7 24. a4 Nf5 25. Ra2 Nd6 26. 
Rda1 Rac8 27. Nc1 g5 28. Ne2 Qh5 29. Qd3 Kg7 30. Rh1 Qg6 31. Qxg6+ Kxg6 
32. Nc3 Rh8 33. a5 h5 34. axb6 axb6 35. Ra7 h4 36. g4 f5 37. gxf5+ Kxf5 
38. Kf3 g4+ 39. Ke2 Kg5 40. Rg1 Kh5 41. Raa1 Rhf8 42. h3 gxh3 43. Rh1 Ra8 
44. Rag1 Ra3 45. Nd1 Ra2+ 46. Ke1 Ne4 47. f4 h2 48. Rg7 Ng3 49. Rg5+ Kh6 
50. Rxh2 Rxh2 51. Nf2 Rxf2 0-1

[Event "Euskadi ch"]
[Site "Zornotza"]
[Date "2014.04.24"]
[Round "4"]
[White "Fernandez, Gerardo"]
[Black "Garcia Sanchez, Jose Manuel"]
[Result "1-0"]
[WhiteElo "2223"]
[BlackElo "1793"]

1. e4 e5 2. Bc4 Nf6 3. d3 d6 4. Nc3 Be7 5. f4 Nc6 6. Nf3 Bg4 7. h3 Bxf3 8.
 Qxf3 Nd4 9. Qf2 Nh5 10. Bxf7+ Kxf7 11. fxe5+ Ke8 12. O-O Ne2+ 13. Nxe2 
Rf8 14. Qd4 Rxf1+ 15. Kxf1 Kd7 16. g4 Qf8+ 17. Qf2 Qxf2+ 18. Kxf2 Rf8+ 19.
 Kg2 Bh4 20. Be3 1-0

[Event "Euskadi ch"]
[Site "Zornotza"]
[Date "2014.04.24"]
[Round "4"]
[White "Sarralde Osua, Diego"]
[Black "Perez Fernandez, Modesto"]
[Result "1-0"]
[WhiteElo "2133"]
[BlackElo "2038"]

1. d4 d5 2. Nf3 Nf6 3. Bf4 c5 4. c3 Qb6 5. Qb3 c4 6. Qc2 Nc6 7. h3 Bf5 8. 
Qc1 h5 9. Nbd2 e6 10. e3 Be7 11. Be2 Ne4 12. Nxe4 Bxe4 13. Nd2 Bxg2 14. 
Rh2 g5 15. Bxg5 Bxg5 16. Rxg2 Be7 17. e4 O-O-O 18. Qc2 Kb8 19. O-O-O Qa5 
20. Kb1 f6 21. exd5 exd5 22. Qf5 Rd6 23. Rdg1 Rhd8 24. Rg8 Bf8 25. Qxh5 b5
26. Qh8 Be7 27. Rxd8+ Nxd8 28. Qe8 Re6 29. Bg4 f5 30. Bxf5 Re2 31. Bg4 
Rxd2 32. Qxe7 Rxf2 33. Qe5+ Qc7 34. Qxd5 Qh7+ 35. Ka1 Nb7 36. Bf3 a6 37. 
a3 Ka7 38. Qc6 Kb8 39. Be4 Qf7 40. Rg8+ Ka7 41. Rf8 Rf1+ 42. Ka2 b4 43. 
axb4 1-0

[Event "Euskadi ch"]
[Site "Zornotza"]
[Date "2014.04.24"]
[Round "4"]
[White "Marchena Hurtado, Ander"]
[Black "Galarza Cenzano, Inigo"]
[Result "1-0"]
[WhiteElo "2085"]
[BlackElo "2035"]

1. e4 d5 2. exd5 Qxd5 3. Nc3 Qa5 4. d4 Nf6 5. Bc4 c6 6. Nf3 Bf5 7. Bd2 e6 
8. Nd5 Qd8 9. Nxf6+ gxf6 10. Qe2 Qc7 11. O-O-O Nd7 12. Nh4 Bg6 13. Bxe6 
fxe6 14. Qxe6+ Kd8 15. Nxg6 hxg6 16. Rhe1 Bd6 17. g3 b6 18. h4 Kc8 19. Qf7
Kb7 20. Qxg6 Rac8 21. Re6 a5 22. Qg4 Ka6 23. Kb1 c5 24. Qe2+ c4 25. h5 Ka7
26. Qf3 Rhe8 27. Rde1 Rxe6 28. Rxe6 c3 29. Bxc3 Qc4 30. Qe2 Qd5 31. Re8 
Rxc3 32. bxc3 Ba3 33. g4 Qh1+ 34. Qe1 Qc6 35. c4 Qxc4 36. Re3 Bb4 37. c3 
Bd6 38. Qe2 Qd5 39. f3 a4 40. Qd3 Bf4 41. Re7 Kb8 42. Qe4 Qb5+ 43. Kc2 Bd6
44. Qe2 Qc6 45. Re8+ Kc7 46. Qa6 Ba3 47. Rc8+ 1-0

[Event "Euskadi ch"]
[Site "Zornotza"]
[Date "2014.04.24"]
[Round "4"]
[White "Tetimov, Ivan"]
[Black "Goiria Egidazu, Jon Asel"]
[Result "1-0"]
[WhiteElo "2047"]
[BlackElo "1955"]

1. d4 Nf6 2. c4 e6 3. g3 Bb4+ 4. Bd2 Qe7 5. a3 Bxd2+ 6. Nxd2 d6 7. Bg2 O-O
8. Ngf3 e5 9. e3 Re8 10. O-O e4 11. Ng5 Bf5 12. Nh3 Nbd7 13. Nf4 c6 14. 
Nb1 Nf8 15. Nc3 Ne6 16. Nxe6 Qxe6 17. d5 cxd5 18. Nxd5 Nxd5 19. cxd5 Qe5 
20. Qb3 b6 21. Rfc1 Rec8 22. Bf1 Rc5 23. Rxc5 dxc5 24. Rd1 Rd8 25. Qc3 Qe7
26. b4 cxb4 27. axb4 h5 28. h4 g5 29. hxg5 Qxg5 30. Qe5 Qg4 31. Ra1 h4 32.
 Qe7 Rd7 33. Qxh4 Qxh4 34. gxh4 Rxd5 35. Rxa7 Rd1 36. Kg2 Rb1 37. Bc4 Rxb4
38. Bxf7+ Kg7 39. Be6+ Kf6 40. Bxf5 Kxf5 41. Rg7 Kf6 42. Rg5 Rc4 43. Rb5 
Rc6 44. Kg3 Kg6 45. Re5 Kf6 46. Rxe4 b5 47. Rb4 Rc5 48. f4 Kg6 49. Kg4 Rc3
50. f5+ Kf6 51. Kf4 Rc7 52. Rxb5 Rb7 53. Re5 Rh7 54. Re6+ Kf7 55. Kg5 Rh8 
56. h5 Rg8+ 57. Rg6 Re8 58. Kf4 Rh8 59. h6 Re8 60. e4 Rh8 61. Rg7+ Kf8 62.
 Kg5 1-0

[Event "Euskadi ch"]
[Site "Zornotza"]
[Date "2014.04.24"]
[Round "4"]
[White "Rodriguez Gonzalez, Alex"]
[Black "Garrido Legarreta, Jose Javier"]
[Result "1/2-1/2"]
[WhiteElo "1971"]
[BlackElo "2050"]

1. e4 c5 2. Nc3 d6 3. d4 cxd4 4. Bb5+ Bd7 5. Qxd4 Bxb5 6. Nxb5 Nc6 7. Qa4 
a6 8. Nd4 b5 9. Nxc6 Qc7 10. Qd4 Qxc6 11. a4 e5 12. axb5 axb5 13. Rxa8+ 
Qxa8 14. Qb4 Qc6 15. Ne2 Nf6 16. Nc3 Qc4 17. Qxb5+ Qxb5 18. Nxb5 Nxe4 19. 
O-O Kd7 20. f3 Nc5 21. Rd1 Be7 22. Be3 Ne6 23. c4 Kc6 24. Ra1 Rb8 25. b4 
Nc7 26. Nxc7 Kxc7 27. b5 d5 28. b6+ Kc6 29. cxd5+ Kxd5 30. Ra7 Ke6 31. Kf1
f5 32. Ke2 Bf6 33. Rc7 Kd6 34. Bc5+ Kd5 35. Bf2 h5 36. b7 Kd6 37. Bb6 e4 
38. fxe4 fxe4 39. Ba5 1/2-1/2

[Event "Euskadi ch"]
[Site "Zornotza"]
[Date "2014.04.24"]
[Round "4"]
[White "Hernandez Perez, Jesus"]
[Black "Cucarella Montell, Angels"]
[Result "1/2-1/2"]
[WhiteElo "2011"]
[BlackElo "1978"]

1. e4 c5 2. Nf3 e6 3. d3 Nc6 4. g3 d6 5. Bg2 Nge7 6. O-O g6 7. Nbd2 Bg7 8.
 Re1 e5 9. Nf1 O-O 10. c3 h6 11. Bd2 Be6 12. c4 Qd7 13. Ne3 f5 14. Nd5 Rf7
15. Nh4 g5 16. Nxe7+ Nxe7 17. Nxf5 Nxf5 18. exf5 Bxf5 19. Be3 Raf8 20. Qb3
Kh8 21. Qc2 Bg4 22. Qd2 Bf3 23. Bxf3 Rxf3 24. Rab1 Qh3 25. Re2 g4 26. Qe1 
Qh5 27. b4 b6 28. Qd1 R8f5 29. a4 Qf7 30. bxc5 dxc5 31. a5 Rf6 32. axb6 
axb6 33. Rb3 Qd7 34. Qb1 Rd6 35. Re1 Rff6 36. Ra3 Qf5 37. Rb3 h5 38. Qc2 
Bh6 39. Qe2 Rfe6 40. Bxh6 Rxh6 41. Qe4 Qg5 42. Ra1 Rhf6 43. Rba3 Rf7 44. 
Ra8+ Kg7 45. R8a7 Rf6 46. Rxf7+ Rxf7 47. Re1 Re7 48. Ra1 Qf6 49. Re1 Qg5 
50. Re2 Qc1+ 51. Kg2 Qg5 52. Re1 Qf6 53. Re2 Qg5 54. Re1 Qf6 55. Re2 
1/2-1/2

[Event "Euskadi ch"]
[Site "Zornotza"]
[Date "2014.04.25"]
[Round "5"]
[White "Huerga Leache, Mikel"]
[Black "Sarralde Osua, Rodrigo"]
[Result "1/2-1/2"]
[WhiteElo "2440"]
[BlackElo "2351"]

1. d4 d5 2. c4 c6 3. Nf3 e6 4. e3 f5 5. Bd3 Nf6 6. O-O Bd6 7. b3 Qe7 8. a4
O-O 9. Ba3 Bxa3 10. Nxa3 Ne4 11. Ne5 Nd7 12. Nc2 Rf6 13. f3 Nd6 14. Ne1 
Rh6 15. c5 Nf7 16. Nxf7 Qxf7 17. f4 Nf6 18. Rf3 Bd7 19. Rg3 Qe7 20. Nf3 
Be8 21. Qe1 Bh5 22. Rh3 Bxf3 23. Rxh6 Bh5 24. Rxf6 Qxf6 25. b4 Kh8 26. b5 
g5 27. fxg5 Qxg5 28. Qg3 Qxg3 29. hxg3 Be8 30. Rb1 Rc8 31. a5 cxb5 32. 
Bxb5 Bxb5 33. Rxb5 Rc7 34. a6 bxa6 35. Rb8+ Kg7 36. Kf2 Kf6 37. Rd8 Rb7 
38. Kf3 Rb2 39. Rf8+ Kg5 40. Rf7 h6 41. Rxa7 Ra2 42. Rb7 a5 43. Rb5 Kf6 
44. Rb1 a4 45. Rh1 Kg5 46. Rc1 Rb2 47. c6 Rb8 48. c7 Rc8 49. Rc6 Kf6 50. 
g4 a3 51. gxf5 Kxf5 52. Rc2 a2 53. Rxa2 Rxc7 54. Ra8 Rf7 55. g4+ Kg6+ 56. 
Kg3 Rf1 57. Ra6 Kf7 58. Rb6 Rf6 59. Rb7+ Kg6 60. Rb5 Rf1 61. Rb8 Kf7 62. 
Rb6 Rf6 63. Rb7+ Kg6 64. Re7 h5 65. Kh4 hxg4 66. Kxg4 Kh6 67. Kh4 Kg6 68. 
Kg4 Kh6 69. Kh4 Kg6 1/2-1/2

[Event "Euskadi ch"]
[Site "Zornotza"]
[Date "2014.04.25"]
[Round "5"]
[White "Alcaide Luque, Aitor"]
[Black "Del Rio De Angelis, Salvador G"]
[Result "0-1"]
[WhiteElo "2179"]
[BlackElo "2507"]

1. d4 d6 2. Nf3 Nf6 3. c4 g6 4. Nc3 Bf5 5. g3 Bg7 6. Bg2 Ne4 7. Qb3 Nxc3 
8. bxc3 Be4 9. O-O O-O 10. Ne1 Bxg2 11. Kxg2 b6 12. Nd3 Nc6 13. Be3 Na5 
14. Qa4 Qe8 15. Qxe8 Rfxe8 16. Nb2 c5 17. Rac1 Rac8 18. Rfd1 cxd4 19. cxd4
Rc7 20. Rc2 Rec8 21. Rdc1 e5 22. Bd2 Nc6 23. Bc3 exd4 24. Be1 Ne5 25. Bb4 
Rc6 26. h3 d5 27. Nd3 dxc4 28. Nxe5 Bxe5 29. f4 Bg7 30. a4 f5 0-1

[Event "Euskadi ch"]
[Site "Zornotza"]
[Date "2014.04.25"]
[Round "5"]
[White "Astasio Lopez, David"]
[Black "Marchena Hurtado, Javier"]
[Result "1-0"]
[WhiteElo "2418"]
[BlackElo "2147"]

1. d4 Nf6 2. Nf3 g6 3. Nbd2 d5 4. e3 Bg7 5. b4 a5 6. b5 c5 7. c4 cxd4 8. 
exd4 Bf5 9. Bb2 O-O 10. Rc1 Nbd7 11. Be2 dxc4 12. Nxc4 Nd5 13. O-O Nf4 14.
 Re1 Nb6 15. Bf1 Be6 16. Nxb6 Qxb6 17. Ba3 Rfe8 18. Bc5 Qd8 19. b6 Nd5 20.
 Bc4 Nf4 21. Bf1 Nd5 22. Ng5 Bf5 23. Bb5 Rf8 24. Qf3 Bf6 25. Ne4 Bxe4 26. 
Qxe4 Rb8 27. Bf1 Nxb6 28. Qb1 Nc8 29. Red1 b6 30. d5 Nd6 31. Be3 b5 32. 
Bf4 Qd7 33. Rc6 b4 34. Qb3 Bc3 35. Qa4 Ra8 36. h3 Rfd8 37. Bxd6 exd6 38. 
Bb5 Qb7 39. Rd3 Rdb8 40. Bc4 Re8 41. Rd1 Qb8 42. Bb5 Re1+ 43. Rxe1 Bxe1 
44. Rc4 Qb6 45. Rf4 Bc3 46. Be8 f6 47. Qd7 Qa7 48. Qe6+ Kf8 49. Bd7 Kg7 
50. Qe7+ Kh6 51. Rh4+ Kg5 52. Qe4 f5 53. Qf4+ Kf6 54. Qxd6+ Kg5 55. Rxh7 
Qd4 56. Qe7+ Qf6 57. Qe3+ 1-0